000 00918nam a2200277Ia 4500
003 OSt
005 20220930085148.0
006 a|||||r|||| 00| 0
007 ta
008 220926b |||||||| |||| 00| 0 eng d
024 _a91761
037 _cTheses
040 _aCRL
_cCRL
_beng
041 _2eng
_aeng
100 _aShankar Ajay
_9539578
110 _aUniversity of Delhi. Faculty of Technology. Department of Applied Sciences
_9539579
245 0 _aInvestigations of precision displacement measuring grating interferometers
260 _c2006
300 _a222p.
_ap.
_ccm.
650 _aSCIENCE
700 _a Prof. L. S. Tanwar Gu.
_9539580
700 _a Prof. R. S. Sirohi Gu.
_9539581
700 _aUniversity of Delhi. Faculty of Technology. Department of Applied Sciences
_9539582
942 _cDIS
_2CC
999 _c878463
_d878463